The diary of a young girl

Сохранить в:
Библиографические подробности
Главный автор: Frank, Anne
Формат:
Язык:Undetermined
Опубликовано: New York, Estados Unidos Pocket Books 1958
Предметы:
Метки: Добавить метку
Нет меток, Требуется 1-ая метка записи!

MARC

LEADER 00000nam a2200000Ia 4500
008 170316s9999 xx 000 0 und d
090 |a 800-Is F-1di 
100 |a Frank, Anne 
245 4 |a The diary of a young girl 
260 |a New York, Estados Unidos 
260 |b Pocket Books 
260 |c 1958 
300 |a 237 páginas 
650 |a OTRAS LITERATURAS 
650 |a LITERATURA DE ISRAEL 
999 |c 19930  |d 19930 
040 |a cru BVZT 
942 |c 15 D  |h 800-Is F-1di  |2 z